John Wycliffe: (Record no. 13688)

000 -LEADER
fixed length control field 00633nam a2200181 a 4500
001 - CONTROL NUMBER
control field :::00011511$&:&@@
003 - CONTROL NUMBER IDENTIFIER
control field OkBaRHE
005 - DATE AND TIME OF LATEST TRANSACTION
control field 20110405210532.0
008 - FIXED-LENGTH DATA ELEMENTS--GENERAL INFORMATION
fixed length control field s1984 j 000 0 eng u
040 ## - CATALOGING SOURCE
Transcribing agency
100 1# - MAIN ENTRY--PERSONAL NAME
Personal name Robertson, Edwin.
245 10 - TITLE STATEMENT
Title John Wycliffe:
Remainder of title morning star of the Reformation.
260 ## - PUBLICATION, DISTRIBUTION, ETC. (IMPRINT)
Place of publication, distribution, etc Basingstoke, Hants, UK:EN., :
Name of publisher, distributor, etc Marshall, Morgan and Scott
Date of publication, distribution, etc c1984
300 ## - PHYSICAL DESCRIPTION
Extent 125 p. ;
Dimensions 18 cm.
650 ## - SUBJECT ADDED ENTRY--TOPICAL TERM
Topical term or geographic name as entry element Wycliffe, John, d. 1384
942 ## - ADDED ENTRY ELEMENTS (KOHA)
Source of classification or shelving scheme
Koha item type Books
Copies
Copy number Lost status Barcode Date acquired Total Checkouts Date last seen Shelving location Source of classification or shelving scheme Total Renewals Damaged status Withdrawn status Not for loan Price effective from Current Location Date checked out Full call number Permanent Location Koha item type
1 115112010-04-1422012-03-09General Stacks 1   2010-04-14RHEMA Bible Training College2012-02-29BX 4905 .R6RHEMA Bible Training CollegeBooks